Reverse Dictionary #66 - Statistics

General Stats
  • This quiz has been taken 30 times
  • The average score is 18 of 25
Answer Stats
Definition First
Letter
Word % Correct
A yellowish citrus fruit. L Lemon
100%
The chemical element (symbol C) with an atomic number of 6. It can be found in pure form for example as graphite, a black, shiny and very soft material, or diamond, a colourless, transparent, crystalline solid and the hardest known material. C Carbon
93%
A young male human. B Boy
89%
Of twice the quantity. D Double
89%
To deliberately not listen or pay attention to. I Ignore
89%
A broad, shallow container of metal, usually having sides flaring outward toward the top, used in various forms for frying, baking, washing, etc. P Pan
89%
To enclose (an object) completely in any flexible, thin material such as fabric or paper. W Wrap
89%
The organ of hearing, consisting of the pinna, auditory canal, eardrum, malleus, incus, stapes and cochlea. E Ear
85%
To use one's sense of hearing in an intentional way; to make deliberate use of one's ears; to pay attention to or wait for a specific sound. L Listen
85%
That which is or may be seized by animals to be devoured. P Prey
85%
To provide for compensation if some specified risk occurs. Often agreed by policy (contract) to offer financial compensation in case of an accident, theft or other undesirable event. I Insure
78%
An acute or chronic inflammation of the lungs caused by viruses, bacteria or other microorganisms, or sometimes by physical or chemical irritants. P Pneumonia
78%
Refuse, waste, garbage, junk, trash. R Rubbish
78%
An adulterous relationship, chiefly of a married person. A Affair
70%
To mentally support; to motivate, give hope or spirit. E Encourage
70%
To make (something) better; to increase the value or productivity (of something). I Improve
70%
To trip or fall; to walk clumsily. S Stumble
67%
Easily bruised or injured; not firm or hard; delicate. T Tender
63%
To ascertain the quantity of a unit of material via calculated comparison with respect to a standard. M Measure
59%
An intellectual, such as a philosopher or theologian; anyone who spends time contemplating or meditating. T Thinker
59%
To provoke someone to do wrong, especially by promising a reward; to entice. T Tempt
48%
To influence or alter. A Affect
44%
A box, now usually a large strong box with a secure convex lid. C Chest
37%
A female chosen to oversee the estate of a deceased individual. E Executrix
33%
One who acts for, or in the place of, another (the principal), by that person's authority; someone entrusted to do the business of another. A Agent
26%
No matching quizzes found
Score Distribution
Percent of People with Each Score
Percentile by Number Answered
Your Score History
You have not taken this quiz